000 00423nam a2200181Ia 4500
005 20240921120638.0
008 240921s9999||||xx |||||||||||||| ||und||
041 _aENGLISH
082 _A624.1513603
100 _aBell F G
245 0 _aEngineering Properties of Soils and Rocks
250 _a1st
260 _bButterworth,O
500 _aLoess
650 _aSoil Testing
_bCivil
942 _cBK
999 _c247213
_d247213